000 00899nam a2200229Ia 4500
999 _c52176
_d52176
001 19184
003 GE_BSU
005 20210309150329.0
008 181216s2008||||ge |||||||||||||| ||geo||
040 _cGE_BSU
041 _ageo
080 _a 82 Ч-97
100 _aЧхаидзе, Н.
_910402
245 _aПрецедентные имена в русском и грузинском дискурсе.
_cН.Чхаидзе; Научн. руков. Д. З. Гоциридзе.
264 _aБатуми:
_bБатумский гос. ун-т им. Ш. Руставели,
_c2008.
300 _a135 стр. ;
_b30 см.
653 _aЛитературоведение
653 _aПрецедентные имена в русском и грузинском дискурсе
653 _aდისერტაცია
653 _aლიტმცოდნეობა
942 _cBK
_2udc